|
|
|
|
| LEADER |
00000nab a2200000 a 4500 |
| 001 |
vtls011099972 |
| 003 |
SK-MaSNL |
| 005 |
20260303115408.0 |
| 008 |
230127|2007 xo |||||||||||||||||cze| |
| 015 |
|
|
|a SNBRB
|
| 035 |
|
|
|a (uuid)00ea409d-01ff-460c-be27-bf43fd05fd3a
|
| 035 |
|
|
|a (urnnbn)urn:nbn:sk:snk:ar-006n5x
|
| 035 |
|
|
|a urn:nbn:sk:snk-ab94vz
|
| 040 |
|
|
|a SNKBUCL
|b slo
|c SNKBUCL
|e AACR2
|
| 041 |
0 |
|
|a cze
|
| 044 |
|
|
|a xo
|c SK
|
| 100 |
1 |
|
|a Vondráčková, Denisa
|4 aut
|9 1130847
|
| 245 |
1 |
0 |
|a PORUCHY DÝCHÁNÍ U AKUTNÍCH NEUROLOGICKÝCH ONEMOCNĚNÍ
|c Denisa Vondráčková, Zilla Šonková
|
| 700 |
1 |
|
|a Šonková, Zilla
|4 aut
|9 1130848
|
| 773 |
0 |
|
|t Neurológia pre prax
|g Roč. 8, č. 1 (2007), s. 12-15
|
| 954 |
|
|
|a odborná, vedecká literatúra pôvodná (slovenská)
|2 lita
|
| 954 |
|
|
|a odborná, vedecká literatúra cudzojazyčná (svetová)
|2 lita
|
| 958 |
|
|
|a OND
|
| 958 |
|
|
|a EUIPO
|
| 958 |
|
|
|a article13
|
| 999 |
|
|
|c 1903864
|d 1905794
|